Statistics for The originals

Click here to take the quiz!

General Stats

  • This quiz has been taken 5 times
  • The average score is 13 of 15

Answer Stats

HintAnswer% Correct
Elijah | Esther | Freya | +3 othersMikaelson
100%
DavinaClaire
100%
Damon | StefanSalvatore
100%
CarolineForbes
100%
HayleyMarshall
67%
MarcelGerard
67%
CamilleO'Connell
67%
RaynaCruz
33%
VincentGriffith
33%

Score Distribution

Percentile by Number Answered

Percent of People with Each Score

Your Score History

You have not taken this quiz